[Event "Chess.com Classic Play In"]
[Site "Chess.com INT"]
[Date "2024.05.08"]
[Round "1"]
[White "Svane, Rasmus"]
[Black "Zhu, Jiner"]
[Result "1-0"]
[WhiteElo "2635"]
[BlackElo "2477"]
[PlyCount "107"]
[EventDate "2024.05.08"]
[EventType "swiss (rapid)"]
[EventRounds "9"]
[EventCountry "USA"]
[SourceTitle "CB20_2024"]
[SourceDate "2024.05.16"]
[SourceVersion "1"]
[SourceVersionDate "2024.05.16"]
[SourceQuality "1"]

1. Nf3 Nf6 2. g3 d5 3. Bg2 g6 4. c4 c6 5. b3 Bg7 6. Bb2 0-0 7. 0-0 Nbd7 8. d4 b5 9. c5 a5 10. Nbd2 Re8 11. h3 Qc7 12. Qc2 Nf8 13. Nh4 Ne6 14. Nhf3 Ne4 15. Nxe4 dxe4 16. Qxe4 Nxc5 17. Qc2 Na6 18. Rac1 Bb7 19. Rfd1 Rac8 20. a3 b4 21. Qc4 e6 22. axb4 Nxb4 23. Qc5 Na6 24. Qc2 Qb6 25. Ba3 Nb4 26. Qc5 Qb5 27. Bxb4 axb4 28. e3 Bf8 29. Qe5 c5 30. dxc5 Rxc5 31. Rxc5 Qxc5 32. Qxc5 Bxc5 33. Ne5 Bxg2 34. Kxg2 f6 35. Nd7 Be7 36. Nb6 Rd8 37. Rxd8+ Bxd8 38. Nc4 e5 39. Kf3 Kf7 40. Ke4 Ke6 41. Kd3 Be7 42. f3 h5 43. g4 hxg4 44. hxg4 f5 45. gxf5+ gxf5 46. e4 Bc5 47. Na5 fxe4+ 48. fxe4 Bd4 49. Nc6 Bc3 50. Kc4 Kf6 51. Nxb4 Bd4 52. Kd5 Bb2 53. Nc6 Bc3 54. b4 1-0

[Event "Titled Tuesday intern op 30th Apr Early"]
[Site "Chess.com INT"]
[Date "2024.04.30"]
[Round "5"]
[White "Dubnevych, Maksym"]
[Black "Svane, Rasmus"]
[Result "0-1"]
[WhiteElo "2293"]
[BlackElo "2627"]
[PlyCount "123"]
[EventDate "2024.04.30"]
[EventType "swiss (blitz)"]
[EventRounds "11"]
[EventCountry "USA"]
[SourceTitle "CB19_2024"]
[SourceDate "2024.05.08"]
[SourceVersion "1"]
[SourceVersionDate "2024.05.08"]
[SourceQuality "1"]

1. d4 d5 2. c4 e6 3. Nc3 h6 4. cxd5 exd5 5. Bf4 c6 6. e3 Bd6 7. Bxd6 Qxd6 8. Nf3 Bf5 9. Bd3 Bxd3 10. Qxd3 Nf6 11. 0-0 0-0 12. Rac1 Re8 13. h3 Nbd7 14. a3 a5 15. Rfe1 g6 16. Nd2 Re6 17. e4 dxe4 18. Ndxe4 Qe7 19. Nxf6+ Nxf6 20. Rxe6 Qxe6 21. Rd1 Rd8 22. Qe3 Qxe3 23. fxe3 Nd5 24. Nxd5 Rxd5 25. Kf2 f5 26. Kf3 Rb5 27. Rd2 Kf7 28. g4 Ke6 29. Rg2 Kf6 30. gxf5 Rxf5+ 31. Ke4 a4 32. Rc2 Rh5 33. Rf2+ Ke7 34. Rf3 Ke6 35. Rg3 Kf6 36. Rf3+ Ke7 37. Rg3 Kf7 38. Rf3+ Kg7 39. Kd3 Rb5 40. Rf2 g5 41. Ke4 Kg6 42. Kf3 h5 43. Rg2 Kf5 44. Rf2 Rb3 45. Rg2 Kf6 46. Ke4 Rb5 47. Rf2+ Kg6 48. Rg2 Rf5 49. Rd2 g4 50. hxg4 hxg4 51. Rh2 Kg5 52. Rh8 Rf7 53. d5 Re7+ 54. Kd4 cxd5 55. Rg8+ Kh4 56. Kd3 g3 57. Ke2 Kh3 58. Kf1 Rxe3 59. Rh8+ Kg4 60. Rg8+ Kf3 61. Rf8+ Ke4 62. Kg2 0-1

[Event "Titled Tuesday intern op 30th Apr Early"]
[Site "Chess.com INT"]
[Date "2024.04.30"]
[Round "1"]
[White "Pham, Le Thao Nguyen"]
[Black "Svane, Rasmus"]
[Result "1-0"]
[WhiteElo "2395"]
[BlackElo "2627"]
[PlyCount "145"]
[EventDate "2024.04.30"]
[EventType "swiss (blitz)"]
[EventRounds "11"]
[EventCountry "USA"]
[SourceTitle "CB19_2024"]
[SourceDate "2024.05.08"]
[SourceVersion "1"]
[SourceVersionDate "2024.05.08"]
[SourceQuality "1"]

1. d4 d5 2. c4 e6 3. Nc3 a6 4. cxd5 exd5 5. Bf4 Nf6 6. e3 Bd6 7. Bg3 Bf5 8. Qb3 Ra7 9. Nf3 0-0 10. Be2 c6 11. Bxd6 Qxd6 12. Qb6 Ra8 13. Qxb7 Nbd7 14. Qb3 Rfb8 15. Qa3 Qxa3 16. bxa3 Rf8 17. 0-0 Rfb8 18. Rfc1 Rb2 19. Bf1 Kf8 20. Na4 Rc2 21. Nh4 Be4 22. f3 g5 23. fxe4 Rxc1 24. Rxc1 gxh4 25. e5 Ng4 26. Rxc6 Nxe3 27. Bxa6 Rb8 28. Rc8+ Rxc8 29. Bxc8 Ke7 30. Bxd7 Kxd7 31. Nc5+ Kc6 32. a4 Nc2 33. Nb3 Nb4 34. Kf2 Nxa2 35. Kf3 Nc3 36. a5 Kb5 37. Kf4 Kc4 38. a6 Nb5 39. Nd2+ Kxd4 40. Nf3+ Kc3 41. Nxh4 d4 42. Nf3 d3 43. Ke3 Na7 44. Nd2 Nc6 45. g4 Kc2 46. g5 Kc3 47. h4 Kc2 48. h5 Kc3 49. e6 fxe6 50. g6 hxg6 51. hxg6 Ne5 52. g7 Ng4+ 53. Kf4 Nf6 54. Nf3 d2 55. Nxd2 Kxd2 56. a7 Nh5+ 57. Ke5 Nxg7 58. a8Q Nf5 59. Kxe6 Ne3 60. Qe4 Nc2 61. Ke5 Kc3 62. Qf3+ Kb2 63. Ke4 Nb4 64. Kd4 Nc2+ 65. Kc4 Na3+ 66. Kd3 Kb3 67. Qb7+ Ka2 68. Qb4 Nb1 69. Kc2 Na3+ 70. Kc1 Nc4 71. Qxc4+ Ka3 72. Qb5 Ka2 73. Qb2# 1-0

[Event "Titled Tuesday intern op 30th Apr Early"]
[Site "Chess.com INT"]
[Date "2024.04.30"]
[Round "8"]
[White "Svane, Rasmus"]
[Black "Cieslak, Patryk"]
[Result "1-0"]
[WhiteElo "2627"]
[BlackElo "2373"]
[PlyCount "91"]
[EventDate "2024.04.30"]
[EventType "swiss (blitz)"]
[EventRounds "11"]
[EventCountry "USA"]
[SourceTitle "CB19_2024"]
[SourceDate "2024.05.08"]
[SourceVersion "1"]
[SourceVersionDate "2024.05.08"]
[SourceQuality "1"]

1. Nf3 d5 2. g3 Nf6 3. Bg2 e6 4. 0-0 c5 5. c4 d4 6. e3 Nc6 7. exd4 cxd4 8. d3 h6 9. Bf4 Nd7 10. Na3 Bc5 11. Nc2 a5 12. a3 a4 13. Bd2 0-0 14. Nb4 Qe7 15. Re1 Qd6 16. Bf4 e5 17. Nxc6 exf4 18. Ne7+ Kh8 19. Nd2 Nf6 20. Nxc8 Raxc8 21. Qxa4 fxg3 22. hxg3 Ra8 23. Qb5 Rab8 24. b4 Ba7 25. c5 Qc7 26. Nc4 b6 27. c6 Rfe8 28. a4 h5 29. Qf5 h4 30. gxh4 Rbd8 31. Re5 Bb8 32. Rae1 Rxe5 33. Rxe5 Qa7 34. Re1 Qxa4 35. b5 Qb4 36. Kf1 Bc7 37. Bf3 Kg8 38. Re2 Ra8 39. Kg2 Qb1 40. Nd2 Qc1 41. Ne4 Nxe4 42. Rxe4 g6 43. Qd7 Bf4 44. Qxd4 Ra1 45. Re8+ Kh7 46. Rh8# 1-0

[Event "Bundesliga 2324"]
[Site "Germany"]
[Date "2024.04.28"]
[Round "15.6"]
[White "Horvath, Dominik"]
[Black "Svane, Rasmus"]
[Result "1/2-1/2"]
[WhiteElo "2540"]
[BlackElo "2646"]
[PlyCount "60"]
[EventDate "2023.10.21"]
[EventType "team-tourn"]
[EventRounds "15"]
[EventCountry "GER"]
[SourceTitle "CB18_2024"]
[SourceDate "2024.05.01"]
[SourceVersion "1"]
[SourceVersionDate "2024.05.01"]
[SourceQuality "2"]
[WhiteTeam "Muenchen Zugzwang"]
[BlackTeam "Hamburger SK"]
[WhiteTeamCountry "GER"]
[BlackTeamCountry "GER"]

1. e4 e5 2. Nf3 Nc6 3. Bb5 Nf6 4. 0-0 Nxe4 5. Re1 Nd6 6. Nxe5 Be7 7. Bf1 Nxe5 8. Rxe5 0-0 9. d4 Bf6 10. Re1 Nf5 11. c3 d5 12. Bf4 c6 13. Nd2 Bg5 14. Bxg5 Qxg5 15. Nf3 Qf6 16. Bd3 Nd6 17. Ne5 Bf5 18. Qf3 Rfe8 19. Bxf5 Qxf5 20. Qxf5 Nxf5 21. f3 f6 22. Nd3 Nd6 23. Kf2 Kf7 24. Rxe8 Rxe8 25. Re1 Rxe1 26. Kxe1 Ke7 27. b3 b6 28. Kd2 Kd7 29. g4 g5 30. a4 a5 1/2-1/2

[Event "Titled Tuesday intern op 23rd Apr Late"]
[Site "Chess.com INT"]
[Date "2024.04.23"]
[Round "6"]
[White "Hommadov, Amanmuhammet"]
[Black "Svane, Rasmus"]
[Result "1-0"]
[WhiteElo "2223"]
[BlackElo "2627"]
[PlyCount "79"]
[EventDate "2024.04.23"]
[EventType "swiss (blitz)"]
[EventRounds "11"]
[EventCountry "USA"]
[SourceTitle "CB18_2024"]
[SourceDate "2024.05.01"]
[SourceVersion "1"]
[SourceVersionDate "2024.05.01"]
[SourceQuality "2"]

1. e4 c6 2. d4 d5 3. exd5 cxd5 4. Bd3 Nc6 5. c3 Nf6 6. Bf4 Bg4 7. Qb3 Qd7 8. Nd2 e6 9. Ngf3 Bd6 10. Bxd6 Qxd6 11. 0-0 0-0 12. Rfe1 Bf5 13. Bxf5 exf5 14. Ne5 Ne4 15. Nf1 Rab8 16. Nd3 b6 17. Ne3 Ne7 18. f3 Nf6 19. Qb4 Qc7 20. a4 g6 21. a5 Rfe8 22. axb6 axb6 23. Qb5 f4 24. Nc2 Nf5 25. Ne5 Re6 26. Qd3 Rbe8 27. Qd2 Nh5 28. Nb4 Qd6 29. Qc2 Nxd4 30. cxd4 Qxb4 31. Qc3 Qe7 32. Qb3 Qd6 33. Qb5 Ng7 34. Nd3 Nf5 35. Qxe8+ Rxe8 36. Rxe8+ Kg7 37. Ra7 Nxd4 38. Ree7 Qf6 39. Ne5 Qh4 40. Rxf7+ 1-0